000
00279nam a22001217a 4500
008
180810b xxu||||| |||| 00| 0 eng d
041
_a
eng
080
_a
616-053.2
100
_a
8
101
_a
PED
245
_a
PEDIATRIC CARDIAC INTENSIVE CARE
_c
CHANG.A.C
942
_2
udc
_c
BK
999
_c
47001
_d
47001